Jack Spard (Record no. 152056)

MARC details
000 -LEADER
campo de control de longitud fija 01051nam a22002175i 4500
001 - NÚMERO DE CONTROL
campo de control 152056
003 - IDENTIFICADOR DE NÚMERO DE CONTROL
campo de control ES-MaACL
005 - FECHA Y HORA DE LA ÚLTIMA TRANSACCIÓN
campo de control 20250824080222.0
008 - DATOS DE LONGITUD FIJA--INFORMACIÓN GENERAL
campo de control de longitud fija 051010s1865 sp | |||||||| ||spa d
040 ## - FUENTE DE CATALOGACIÓN
Centro catalogador/agencia de origen CAM
Lengua de catalogación spa
Centro/agencia transcriptor CAM
100 1# - ENTRADA PRINCIPAL--NOMBRE DE PERSONA
Nombre de persona Berzosa, Roberto.
9 (RLIN) 125973
245 10 - MENCIÓN DEL TÍTULO
Título Jack Spard
Resto del título : drama en dos actos divididos en ocho cuadros, en prosa /
Mención de responsabilidad, etc. arreglado del francés por Roberto Berzosa.
260 ## - PUBLICACIÓN, DISTRIBUCIÓN, ETC.
Lugar de publicación, distribución, etc. Madrid :
Nombre del editor, distribuidor, etc. [s.n.],
Fecha de publicación, distribución, etc. 1865 (
Fabricante Imprenta de José Rodriguez)
300 ## - DESCRIPCIÓN FÍSICA
Extensión 76 p. ;
Dimensiones 19 cm.
490 1# - MENCIÓN DE SERIE
Mención de serie El Teatro: Galería Dramática y Lírica
500 ## - NOTA GENERAL
Nota general En port.: Estrenado en el Teatro de Novedades, el día 3 de febrero de 1866.
598 ## - NOTA LOCAL
Nota local En verso de prot. consta: "Los comisionados de a Galería dramática y lírica titulada El Teatro ..."
830 03 - PUNTO DE ACCESO ADICIONAL DE SERIE-TÍTULO UNIFORME
Título uniforme El teatro: galería dramática y lírica
9 (RLIN) 221290
852 ## - LOCALIZACIÓN
Ubicación ES-MaACL
Número de control de estantería F-8593(13)
Nota libre -- Enc. pasta española, falto de la enc. original
-- -- Enc. en un vol. facticio formando parte de la col. facticia "Teatro español moderno", vol. 46
Holdings
Estatus retirado Estado de pérdida Estado de daño No para préstamo Colección Biblioteca de origen Biblioteca actual Ubicación en estantería Fecha de adquisición Total de préstamos Signatura topográfica completa Código de barras Visto por última vez Precio de reemplazo Tipo de ítem Koha
        Libros del s. XIX Biblioteca del Ateneo de Madrid Biblioteca del Ateneo de Madrid Sala Pecera Planta 2 17/01/2008   F-8593(13) 1158721 23/02/2023 23/02/2023 Libro impreso antiguo